Khái yếu lịch sử văn học Trung Quốc /

Văn học đời Nguyên, đời Minh, văn học cận đại, văn học hiện đại, văn học các dân tộc thiểu số.

Bewaard in:
Bibliografische gegevens
Andere auteurs: Bùi Hữu Hồng (dịch.)
Formaat: Boek
Taal:Vietnamese
Chinese
Gepubliceerd in: Hà Nội : Thế giới, 2000.
Onderwerpen:
Tags: Voeg label toe
Geen labels, Wees de eerste die dit record labelt!
Thư viện lưu trữ: Mạng thư viện Đại học Đà Nẵng
LEADER 00971cam a2200325 a 4500
001 000042715
003 590
005 20051220102654.0
008 010217b2000 vm 000 vie
020 |c 62000 
040 |a IRC  |c IRC  |d IRC 
041 1 |a vie  |h chi 
082 1 4 |a 895.1  |b Kh-Y 
245 0 0 |a Khái yếu lịch sử văn học Trung Quốc /  |c Bùi Hữu Hồng dịch. 
260 |a Hà Nội :  |b Thế giới,  |c 2000. 
300 |a 564 tr. ;  |c 20,5 cm. 
520 3 |a Văn học đời Nguyên, đời Minh, văn học cận đại, văn học hiện đại, văn học các dân tộc thiểu số. 
630 0 4 |a Văn học trung Quốc. 
650 0 4 |a Văn học Trung Quốc. 
700 1 |a Bùi Hữu Hồng,  |e dịch. 
OWN |a DUT 
999 |a From the UDN01 
TYP |a Monograph 
TYP |a Printed language 
980 |a Mạng thư viện Đại học Đà Nẵng